000
00314nam a2200109Ia 4500
008
200302s9999 xx 000 0 und d
100
_a
Seton L Ioyd, Hans & Other
245
_a
Ancient Architecture Mesopotamia, Egypt, Crete, Greece.
260
_b
Harry N. Abrams, Inc. Publishiers
260
_c
1974
300
_a
415 P.,
999
_c
125
_d
125